header

Russia's market economy (Record no. 64677)

MARC details
000 -LEADER
fixed length control field 01335nam a2200349Ia 4500
082 04 - DEWEY DECIMAL CLASSIFICATION NUMBER
Classification number 330.947086
100 1# - MAIN ENTRY--AUTHOR NAME
Personal name Hedlund, Stefan,
245 10 - TITLE STATEMENT
Title Russia's market economy
260 ## - PUBLICATION, DISTRIBUTION, ETC. (IMPRINT)
Place of publication London :
Name of publisher UCL,
Year of publication 1999.
300 ## - PHYSICAL DESCRIPTION
Number of Pages ix, 390 p.
650 #0 - SUBJECT ADDED ENTRY--TOPICAL TERM
Topical Term Capitalism
Topical Term Privatization
856 40 - ELECTRONIC LOCATION AND ACCESS
Uniform Resource Identifier http://site.ebrary.com/lib/rucke/Doc?id=10054566

No items available.

© 2026 Rongo University
Contact us: librarian | system librarian | Rongo university